Catalog

Record Details

Catalog Search



Available copies

  • 115 of 115 copies available at Headquarters.

Current holds

0 current holds with 115 total copies.

Location Call Number / Copy Notes Barcode Shelving Location Status Due Date
Frafraha Library 201 540/PAR 000000689564 500 - Science & Math, Space, Earth, Weather, Animals,Plants Available -
Frafraha Library 201 540/PAR 000000690010 500 - Science & Math, Space, Earth, Weather, Animals,Plants Available -
Frafraha Library 201 540/PAR 000000690782 500 - Science & Math, Space, Earth, Weather, Animals,Plants Available -
Frafraha Library 201 540/PAR 000000691789 500 - Science & Math, Space, Earth, Weather, Animals,Plants Available -
Lartebiokorshie Grace Library 201 540/PAR 000000689960 500 - Science & Math, Space, Earth, Weather, Animals,Plants Available -
Lartebiokorshie Grace Library 201 540/PAR 000000689984 500 - Science & Math, Space, Earth, Weather, Animals,Plants Available -
Lartebiokorshie Grace Library 201 540/PAR 000000690034 500 - Science & Math, Space, Earth, Weather, Animals,Plants Available -
Lartebiokorshie Grace Library 201 540/PAR 000000690072 500 - Science & Math, Space, Earth, Weather, Animals,Plants Available -
Lartebiokorshie Grace Library 201 540/PAR 000000690461 500 - Science & Math, Space, Earth, Weather, Animals,Plants Available -
Lartebiokorshie Grace Library 201 540/PAR 000000690546 500 - Science & Math, Space, Earth, Weather, Animals,Plants Available -
« Previous 10 Next 10 »

Record details

  • ISBN: 9781782942870
  • Physical Description: Paperback
  • Publisher: Sine Loko Coordination Group Publications 2015
Subject: Chemistry
LDR 00620cam a2200205Ka 4500
0014792
003HQ
00520200812081847.0
008070101s a er 0 eng d
020 . ‡a9781782942870
037 . ‡aBook Aid
082 . ‡a540/PAR
100 . ‡aRichard Parsons
245 . ‡aAS/Year 1 Chemistry Exam Board:AQA
260 . ‡aSine Loko ‡bCoordination Group Publications ‡c2015
300 . ‡aPaperback
650 . ‡aChemistry
901 . ‡a4792 ‡bAUTOGEN ‡c4792 ‡tbiblio

Additional Resources